LEADER 01419nas a2200265 i 4500 001 000000249582 003 CaOOAMICUS 005 20160613000000.0 008 160603b2016 it uu u0 0ita r 013 $a228487 040 $aSeMil$bita 245 10$aPiercamillo Davigo /$c[in collaborazione con Gherardo Colombo, Antonio Di Pietro ; in controversia con Giuliano Ferrara]. 260 $aRoma :$bGruppo Editoriale L'Espresso,$ccopyr. 2016. 300 $a111 p. ;$c17 cm. 500 $aFormulazioni di responsabilità dalla copertina. - In copertina : Testi tratti da MicroMega 5/1993, MicroMega 1/2002, MicroMega 2/2006, MicroMega 5/2008. - Supplemento omaggio [Reprint 7] in occasione del trentesimo anniversario di MicroMega. 700 1 $aDavigo, Piercamillo <1950- >.$0(OLS)http://semarc/name/90431 700 1 $aFerrara, Giuliano,$d<1952- >.$0(OLS)http://semarc/name/17291 700 1 $aDi Pietro, Antonio <1950- >.$0(OLS)http://semarc/name/83268 700 1 $aColombo, Gherardo,$d<1946- >.$0(OLS)http://semarc/name/51625 774 0 $t[vedi periodico].$w()289085 850 $aSeMil 852 $aSeMil$W1$xVenegono$y1$m148 6 154/S1$j199928$B199928$CSeMilBibl$Z2$F211500 $85 961 $aAbbonamento: Somedia - Gruppo Editoriale l'Espresso 996 $6245$aPiercamillo Davigo$9(OLS)http://semarc/title/351811 996 $6260$aRoma :$bGruppo Editoriale L'Espresso$9(OLS)http://semarc/publisher/34574 LEADER 01026nam a2200253 i 4500 001 000000085149 003 CaOOAMICUS 005 20180221000000.0 008 180221s1977 it u000 u ita u 013 $a57389 040 $aSeMil$bita 100 1 $aDuchesneau, Claude.$0(OLS)http://semarc/name/39538 240 13$aLa célébration dans la vie chrétienne.$0(OLS)http://semarc/title/405713 245 13$aLa celebrazione nella vita cristiana /$cClaude Duchesneau. 260 $aBologna :$bEDB,$ccopyr. 1977. 300 $a167 p. ;$c19 cm. 490 0 $aLa fede oggi ;$v7 650 4$aLiturgia - Celebrazione - Studi.$0(OLS)http://semarc/subject/2000 830 3$aLa fede oggi ;$v7.$0(OLS)http://semarc/title/6626 850 $aSeMil 852 $aSeMil$W1$xVenegono$y1$m3K VI 374$j49254$B49254$CSeMilBibl$Z2$F52748 $81 961 $aRecupero: Seminario di Seveso 996 $6245$aLa celebrazione nella vita cristiana$9(OLS)http://semarc/title/405712 996 $6260$aBologna :$bEDB$9(OLS)http://semarc/publisher/29669